Morceau de l'album Stared at from a distance - Feldup - Statistiques

Statistiques générales
  • Ce quiz a été pris 21 fois
  • Le résultat moyen est 8 sur 11
Statistiques - réponses
Hint Réponse % Correct
2 Stared at from a distance
93%
6 Shove it
87%
1 Waters
87%
8 Crying as a weapon
80%
3 Naked and afraid
73%
4 Dizzy
60%
10 It never leaves
60%
7 Moments of sobriety
60%
11 To love again
60%
5 Fear of abandonment
53%
9 Death of an illusion
47%
Aucun quiz correspondant
Distribution des résultats
% des personnes avec chaque résultat
Percentile par nombre de réponses
Votre historique - résultats
Vous n’avez pas pris ce quiz